Geography Quiz

Random Geography or City Quiz

The Americas Largest Cities Starting With L Quiz Stats

 Plays Quiz not verified by Sporcle

Challenge
Share
Tweet
Embed
Score 0/20 Timer 03:00
0 Plays Today
Country City % Correct
PeruLima
98.2%
United StatesLos Angeles
94.7%
BoliviaLa Paz
86%
MexicoLa Paz
86%
United StatesLas Vegas
84.2%
United StatesLouisville
78.9%
United StatesLaredo
77.2%
United StatesLexington
70.2%
United StatesLong Beach
63.2%
United StatesLincoln
63.2%
Country City % Correct
MexicoLeon
59.6%
CanadaLondon
57.9%
ArgentinaLa Plata
42.1%
CanadaLaval
31.6%
BrazilLondrina
28.1%
MexicoLos Mochis
12.3%
BrazilLimeira
5.3%
ChileLas Condes
5.3%
VenezuelaLos Teques
3.5%
ChileLa Florida
3.5%

You're not logged in!

Compare scores with friends on all Sporcle quizzes.
Join for Free
OR
Log In

You Might Also Like...

Show Comments

Extras

Top Quizzes Today


Score Distribution

Your Account Isn't Verified!

In order to create a playlist on Sporcle, you need to verify the email address you used during registration. Go to your Sporcle Settings to finish the process.

Report this User

Report this user for behavior that violates our Community Guidelines.

Details: